Dlhodobé plánovanie etapy úlohy výsledky /
Na minha lista:
| Autor principal: | |
|---|---|
| Formato: | Livro |
| Publicado em: |
Bratislava :
Pravda,
1988
|
| Tags: |
Sem tags, seja o primeiro a adicionar uma tag!
|
MARC
| LEADER | 00000nam a22000003a 4500 | ||
|---|---|---|---|
| 001 | stu15716 | ||
| 005 | 20150617225756.7 | ||
| 008 | ------s1988----cs----------------------d | ||
| 040 | |a STU |b slo | ||
| 041 | 0 | ||
| 044 | |a cs | ||
| 080 | |a 338.262 | ||
| 100 | 1 | |a Vincúr, Pavol |4 aut | |
| 245 | 1 | |a Dlhodobé plánovanie etapy úlohy výsledky / |c [aut.]Vincúr,Pavol | |
| 260 | |a Bratislava : |b Pravda, |c 1988 | ||
| 300 | |a 249 s : |b Tab.,lit | ||
| 996 | |b C80956 |c C*80956 |l CCXIV |s P |a 0 |w stu15716_0001 | ||